000
00310nam a2200109Ia 4500
008
200302s9999 xx 000 0 und d
100
_a
Kandi Brown & Others
245
_a
Sustainable Land Development and Restoration Decision Consequence Analysis
260
_b
Elsevier Inc.
260
_c
2010
300
_a
497 P.,
999
_c
5751
_d
5751